000 00560nam a2200205Ia 4500
005 20230715104852.0
008 131103s9999 xx 000 0 und d
020 _a465020758
_cRs.80
040 _aLoreto College
041 _aEnglish
082 _a973
_bSOW
100 _aSowell,Thomas
245 _aEthnic America
_b a History
_cThomas Sowell
260 _aNew Delhi
_bAsian Books Pvt. Ltd.
_c1991
300 _a353 p.
504 _aIncludes bibliographical references and index
650 _aUnited States - History
850 _aLCLIB
942 _cBK
999 _c7693
_d58172